[Event "Djerba Blitz op"]
[Site "Djerba"]
[Date "2025.02.19"]
[Round "6"]
[White "Viers, Emmanuel"]
[Black "Azreug, Lazhar"]
[Result "1-0"]
[WhiteElo "2072"]
[BlackElo "1793"]
[PlyCount "153"]
[EventDate "2025.02.19"]
[EventType "swiss (blitz)"]
[EventRounds "9"]
[EventCountry "TUN"]
[SourceTitle "CB09_2025"]
[SourceDate "2025.02.27"]
[SourceVersion "1"]
[SourceVersionDate "2025.02.27"]
[SourceQuality "1"]

1. d4 Nf6 2. Nc3 d5 3. Nf3 g6 4. Qd3 Bg7 5. e4 dxe4 6. Nxe4 0-0 7. Ng3 Nc6 8. c3 e5 9. dxe5 Qxd3 10. Bxd3 Re8 11. 0-0 Ng4 12. Bb5 Ngxe5 13. Nxe5 Bxe5 14. Bxc6 bxc6 15. Re1 Ba6 16. Bd2 Rab8 17. b3 Rbd8 18. Rad1 Bd3 19. Bg5 f6 20. Rxe5 fxe5 21. Bxd8 Rxd8 22. f3 Rd6 23. Re1 Rd5 24. Kf2 Kf7 25. Ke3 Kf6 26. c4 Rd6 27. Rc1 Bf5 28. Ne4+ Bxe4 29. fxe4 c5 30. Rf1+ Ke7 31. g4 Ra6 32. Rf2 Rd6 33. Rd2 Ra6 34. h4 Ke6 35. Rd5 Rxa2 36. Rxc5 Kd6 37. Rd5+ Ke6 38. Rc5 Kd6 39. Rb5 Ra3 40. Kf3 a6 41. Rb8 Kc5 42. Ke3 a5 43. Rb5+ Kd6 44. Kd2 c6 45. c5+ Kc7 46. Rb6 Ra2+ 47. Kc3 Re2 48. Kd3 Rg2 49. Ra6 Rg3+ 50. Kc2 Rxg4 51. Rxa5 Rxe4 52. Ra7+ Kd8 53. Rxh7 Rg4 54. Kc3 e4 55. Kd4 Ke8 56. b4 Kf8 57. Rc7 Rxh4 58. Rxc6 g5 59. Rg6 Kf7 60. Rxg5 Kf6 61. Rd5 Ke6 62. Rd6+ Ke7 63. b5 e3+ 64. Kxe3 Rb4 65. b6 Rc4 66. Rc6 Kd7 67. Rc7+ Kd8 68. Kd3 Rc1 69. c6 Rd1+ 70. Kc4 Rc1+ 71. Kb5 Ra1 72. Rd7+ Ke8 73. b7 Rb1+ 74. Ka6 Ra1+ 75. Kb6 Rb1+ 76. Kc7 Rc1 77. b8Q# 1-0

[Event "ALG-ch"]
[Site "Ain Tagoura"]
[Date "2020.02.06"]
[Round "5"]
[White "Azreug, Lazhar"]
[Black "Saim, Bachir"]
[Result "0-1"]
[WhiteElo "1696"]
[BlackElo "1897"]
[PlyCount "96"]
[EventDate "2020.02.04"]
[EventType "swiss"]
[EventRounds "9"]
[EventCountry "ALG"]
[SourceTitle "CBM 194 Extra"]
[Source "ChessBase"]
[SourceDate "2020.03.31"]
[SourceVersion "1"]
[SourceVersionDate "2020.03.31"]
[SourceQuality "1"]

1. e4 c6 2. d4 d5 3. exd5 cxd5 4. Bd3 Nf6 5. c3 Bg4 6. Qb3 Qc7 7. h3 Bd7 8. Ne2 Nc6 9. Bf4 Qc8 10. 0-0 e6 11. Nd2 Na5 12. Qc2 Be7 13. Bh2 0-0 14. f4 Nc4 15. Kf2 Nxd2 16. Qxd2 Ne4+ 17. Bxe4 dxe4 18. Kg1 f5 19. d5 Qc5+ 20. Kh1 Qxd5 21. Nd4 Bb5 22. Rfd1 Bd3 23. Bg1 b5 24. Nc2 a5 25. Bd4 Qc6 26. Be5 b4 27. Nd4 Qd5 28. cxb4 Bxb4 29. Qf2 Bc5 30. Qg3 Rf7 31. Nb3 Bb4 32. Rac1 a4 33. Nd4 Re8 34. Nc6 Bf8 35. Rc3 Qxa2 36. Rdc1 Qd5 37. Nd4 Bd6 38. Rc8 Rxc8 39. Rxc8+ Bf8 40. Rc6 Bb5 41. Rxe6 Bc5 42. Re8+ Bxe8 43. Nxf5 Qd1+ 44. Qe1 Qxe1+ 45. Kh2 Rxf5 46. Bc3 Qg1+ 47. Kg3 Bd7 48. Bxg7 h5 0-1